| 000 | 00511nam a22001817a 4500 | ||
|---|---|---|---|
| 005 | 20251029161248.0 | ||
| 008 | 251029b |||||||| |||| 00| 0 eng d | ||
| 040 | _aMAIN | ||
| 082 |
_a658.8 _bS21I |
||
| 100 | _aSaini, Shweta | ||
| 245 | _aImpact of social media influencers on brand image in premium cosmetics market | ||
| 260 |
_bDepartment of IMSAR, M D University, Rohtak _c2024 |
||
| 300 | _axv, 184 | ||
| 650 | _aManagement | ||
| 650 | _aCosmetics Market | ||
| 700 | _aBansal, Rohit | ||
| 942 | _cTH | ||
| 999 |
_c393736 _d393736 |
||